Libro de oro de la poesía en lengua castellana (Record no. 92268)

MARC details
000 -LEADER
campo de control de longitud fija 00709nam a2200205 i 4500
001 - NÚMERO DE CONTROL
campo de control 92268
003 - IDENTIFICADOR DE NÚMERO DE CONTROL
campo de control ES-MaACL
005 - FECHA Y HORA DE LA ÚLTIMA TRANSACCIÓN
campo de control 20250725232352.0
007 - CAMPO FIJO DE DESCRIPCIÓN FÍSICA--INFORMACIÓN GENERAL
campo de control de longitud fija t|
008 - DATOS DE LONGITUD FIJA--INFORMACIÓN GENERAL
campo de control de longitud fija 050224s1970 sp ||||1| spa d
245 00 - MENCIÓN DEL TÍTULO
Título Libro de oro de la poesía en lengua castellana
Resto del título : (España y América) /
Mención de responsabilidad, etc. selección, prólogo y notas biográficas de María Luz Morales.
250 ## - MENCION DE EDICION
Mención de edición [1ª ed.].
260 ## - PUBLICACIÓN, DISTRIBUCIÓN, ETC.
Lugar de publicación, distribución, etc. Barcelona :
Nombre del editor, distribuidor, etc. Juventud,
Fecha de publicación, distribución, etc. [1970]
300 ## - DESCRIPCIÓN FÍSICA
Extensión 1 t. en 2 v. ;
Dimensiones 18 cm.
650 #7 - PUNTO DE ACCESO ADICIONAL DE MATERIA--TÉRMINO DE MATERIA
Término de materia o nombre geográfico como elemento de entrada Poesías españolas
Fuente del encabezamiento o término embne
9 (RLIN) 16214
650 #4 - PUNTO DE ACCESO ADICIONAL DE MATERIA--TÉRMINO DE MATERIA
Término de materia o nombre geográfico como elemento de entrada Poesías hispanoamericanas.
9 (RLIN) 148477
700 1# - ENTRADA AGREGADA--NOMBRE PERSONAL
Nombre de persona Morales, María Luz,
Fechas asociadas al nombre 1889-1980
9 (RLIN) 83001
852 ## - LOCALIZACIÓN
Ubicación ES-MaACL
Número de control de estantería C-40729-30
Sublocalización o colección R.74505
Holdings
Estatus retirado Estado de pérdida Estado de daño No para préstamo Biblioteca de origen Biblioteca actual Ubicación en estantería Fecha de adquisición Fuente de adquisición Total de préstamos Signatura topográfica completa Código de barras Visto por última vez Precio de reemplazo Tipo de ítem Koha
        Biblioteca del Ateneo de Madrid Biblioteca del Ateneo de Madrid Depósito 2 17/01/2008     C-40729-30 1096329 23/02/2023 23/02/2023 Libro impreso